<?xml version="1.0" encoding="UTF-8"?>
<record
    xmlns:xsi="http://www.w3.org/2001/XMLSchema-instance"
    xsi:schemaLocation="http://www.loc.gov/MARC21/slim http://www.loc.gov/standards/marcxml/schema/MARC21slim.xsd"
    xmlns="http://www.loc.gov/MARC21/slim">

  <leader>01121nam0a22002771  4500</leader>
  <controlfield tag="001">rc\3935141</controlfield>
  <controlfield tag="005">20250610130305.0</controlfield>
  <datafield tag="021" ind1=" " ind2=" ">
    <subfield code="a">RU</subfield>
    <subfield code="b">[56-30236]</subfield>
  </datafield>
  <datafield tag="035" ind1=" " ind2=" ">
    <subfield code="a">(NLR Aleph) 007917255</subfield>
  </datafield>
  <datafield tag="090" ind1=" " ind2=" ">
    <subfield code="a">8135126</subfield>
    <subfield code="c">8135126</subfield>
  </datafield>
  <datafield tag="100" ind1=" " ind2=" ">
    <subfield code="a">20130415d1956    |||y0rusy50      ca</subfield>
  </datafield>
  <datafield tag="101" ind1="1" ind2=" ">
    <subfield code="a">rus</subfield>
    <subfield code="c">arm</subfield>
  </datafield>
  <datafield tag="102" ind1=" " ind2=" ">
    <subfield code="a">RU</subfield>
  </datafield>
  <datafield tag="105" ind1=" " ind2=" ">
    <subfield code="a">c   z   |||a|</subfield>
  </datafield>
  <datafield tag="200" ind1="1" ind2=" ">
    <subfield code="a">&#x41A;&#x440;&#x430;&#x439; &#x43C;&#x43E;&#x439; &#x446;&#x432;&#x435;&#x442;&#x443;&#x449;&#x438;&#x439;</subfield>
    <subfield code="e">[&#x421;&#x442;&#x438;&#x445;&#x438;]</subfield>
    <subfield code="f">&#x41F;&#x435;&#x440;. &#x441; &#x430;&#x440;&#x43C;. &#x421;. &#x41C;&#x430;&#x440;</subfield>
  </datafield>
  <datafield tag="210" ind1=" " ind2=" ">
    <subfield code="a">&#x415;&#x440;&#x435;&#x432;&#x430;&#x43D;</subfield>
    <subfield code="c">&#x410;&#x439;&#x43F;&#x435;&#x442;&#x440;&#x430;&#x442;</subfield>
    <subfield code="d">1956</subfield>
  </datafield>
  <datafield tag="215" ind1=" " ind2=" ">
    <subfield code="a">87 &#x441;., 1 &#x43B;. &#x43F;&#x43E;&#x440;&#x442;&#x440;.</subfield>
    <subfield code="d">17</subfield>
  </datafield>
  <datafield tag="327" ind1="0" ind2=" ">
    <subfield code="a">&#x426;&#x438;&#x43A;&#x43B;&#x44B;: &#x411;&#x443;&#x440;&#x43D;&#x44B;&#x435; &#x432;&#x43E;&#x434;&#x44B;; &#x41B;&#x44E;&#x431;&#x438;&#x43C;&#x43E;&#x439;!; &#x414;&#x435;&#x442;&#x441;&#x442;&#x432;&#x43E;; &#x41F;&#x443;&#x441;&#x442;&#x44C; &#x433;&#x43E;&#x440;&#x44F;&#x442; &#x432;&#x435;&#x441;&#x435;&#x43B;&#x44B;&#x435; &#x43E;&#x433;&#x43D;&#x438;!; &#x41E;&#x442;&#x447;&#x438;&#x437;&#x43D;&#x430; &#x43C;&#x43E;&#x44F; &#x442;&#x430;&#x43A;&#x430;&#x44F;!</subfield>
  </datafield>
  <datafield tag="464" ind1=" " ind2="0">
    <subfield code="1">2001#$a&#x411;&#x443;&#x440;&#x43D;&#x44B;&#x435; &#x432;&#x43E;&#x434;&#x44B;$a&#x41B;&#x44E;&#x431;&#x438;&#x43C;&#x43E;&#x439;!$a&#x414;&#x435;&#x442;&#x441;&#x442;&#x432;&#x43E;$a&#x41F;&#x443;&#x441;&#x442;&#x44C; &#x433;&#x43E;&#x440;&#x44F;&#x442; &#x432;&#x435;&#x441;&#x435;&#x43B;&#x44B;&#x435; &#x43E;&#x433;&#x43D;&#x438;!$a&#x41E;&#x442;&#x447;&#x438;&#x437;&#x43D;&#x430; &#x43C;&#x43E;&#x44F; &#x442;&#x430;&#x43A;&#x430;&#x44F;!</subfield>
    <subfield code="t">&#x41E;&#x442;&#x447;&#x438;&#x437;&#x43D;&#x430; &#x43C;&#x43E;&#x44F; &#x442;&#x430;&#x43A;&#x430;&#x44F;!</subfield>
  </datafield>
  <datafield tag="700" ind1=" " ind2="1">
    <subfield code="a">&#x413;&#x440;&#x438;&#x433;&#x43E;&#x440;&#x44F;&#x43D;</subfield>
    <subfield code="b">&#x412;.&#x410;.</subfield>
    <subfield code="f">1909-</subfield>
    <subfield code="g">&#x412;&#x430;&#x433;&#x430;&#x43D; &#x410;&#x440;&#x43C;&#x435;&#x43D;&#x430;&#x43A;&#x43E;&#x432;&#x438;&#x447;</subfield>
  </datafield>
  <datafield tag="702" ind1=" " ind2="1">
    <subfield code="a">&#x41C;&#x430;&#x440;</subfield>
    <subfield code="b">&#x421;.</subfield>
    <subfield code="4">730</subfield>
  </datafield>
  <datafield tag="801" ind1=" " ind2="0">
    <subfield code="a">RU</subfield>
    <subfield code="b">NLR</subfield>
    <subfield code="g">psbo</subfield>
  </datafield>
  <datafield tag="801" ind1=" " ind2="1">
    <subfield code="a">RU</subfield>
    <subfield code="b">ELAR</subfield>
    <subfield code="2">rusmarc</subfield>
  </datafield>
  <datafield tag="852" ind1=" " ind2=" ">
    <subfield code="a">NLR</subfield>
    <subfield code="j">&#x41B;40 &#x413;-2/1166</subfield>
  </datafield>
  <datafield tag="942" ind1=" " ind2=" ">
    <subfield code="c">BOOK</subfield>
  </datafield>
  <datafield tag="980" ind1=" " ind2=" ">
    <subfield code="a">NB</subfield>
  </datafield>
  <datafield tag="995" ind1=" " ind2=" ">
    <subfield code="5">2013-10-26</subfield>
    <subfield code="b">NLR02</subfield>
    <subfield code="c">NLR02</subfield>
    <subfield code="e">RFS</subfield>
    <subfield code="f">7917255-10</subfield>
    <subfield code="k">&#x41B;40 &#x413;-2/1166</subfield>
    <subfield code="o">0</subfield>
    <subfield code="r">BOOK</subfield>
    <subfield code="s">40_21166</subfield>
  </datafield>
</record>
